书目信息 |
| 题名: |
教材著作权研究
|
|
| 作者: | 教材著作权研究课题组编 | |
| 分册: | ||
| 出版信息: | 北京 高等教育出版社 1998 |
|
| 页数: | 285页 | |
| 开本: | 20cm | |
| 丛书名: | ||
| 单 册: | ||
| 中图分类: | D923.44 | |
| 科图分类: | ||
| 主题词: | 教材-著作权法--研究--中国 , 著作权法-教材--研究--中国 | |
| 电子资源: | ||
| ISBN: | 7-04-006743-9 | |
| 000 | 00644nam0 2200217 45 | |
| 001 | 0198036752 | |
| 005 | 20070727161149.20 | |
| 010 | @a7-04-006743-9@dCNY13.80 | |
| 100 | @a19980706d1998 emky0chiy0121 ea | |
| 101 | 0 | @achi |
| 102 | @aCN@b110000 | |
| 105 | @ay zn 000yy | |
| 200 | 10 | @a教材著作权研究@Ajiao cai zhu zuo quan yan jiu@f教材著作权研究课题组编 |
| 210 | @a北京@c高等教育出版社@d1998 | |
| 215 | @a285页@d20cm | |
| 300 | @a全国教育科学“九五”规划国家教委重点课题 | |
| 606 | @a教材-著作权法@x研究@y中国 | |
| 606 | @a著作权法-教材@x研究@y中国 | |
| 690 | @aD923.44@v3 | |
| 801 | 0 | @aCN@bWHC@c20070727 |
| 905 | @a10447@dD923.44@e781 | |
| 教材著作权研究/教材著作权研究课题组编.-北京:高等教育出版社,1998 |
| 285页;20cm |
| 全国教育科学“九五”规划国家教委重点课题 |
| ISBN 7-04-006743-9:CNY13.80 |
| ● |
| 相关链接 |
|
|
|
|
正题名:教材著作权研究
索取号:D923.44/781
 
预约/预借
| 序号 | 登录号 | 条形码 | 馆藏地/架位号 | 状态 | 备注 |
| 1 | 0784323 | 207843235 | 第一借阅区/ [索取号:D923.44/781] | 在馆 | |
| 2 | 0785337 | 207853376 | 第一借阅区/ [索取号:D923.44/781] | 在馆 | |
| 3 | 0785338 | 207853385 | 第一借阅区/ [索取号:D923.44/781] | 在馆 | |
| 4 | 0785339 | 207853394 | 第一借阅区/ [索取号:D923.44/781] | 在馆 |